01564cam a2200301 a 450000100100000000500170001000800410002704000250006808200140009311000960010724503450020326000460054830000210059449000480061550000900066350400430075365000440079665000370084070000280087770000420090570000330094770000300098070000290101070000310103983000570107095201180112799900170124500001300620200929163124.0770128s1968 ve b 000 0 spa  aDO-SdBNPbspacBNPHU annnbT7752 aUniversidad Central de Venezuela.bInstituto de Ciencias Penales y Criminológicas.92998610aTrastornos de la conducta juvenil :btrabajo de investigación realizado en el Instituto de Ciencias Penales y Criminológicas /cbajo la dirección del doctor Tulio Chiossone, director del Instituto, y la colaboración de Ximena Rodríguez de Canestri, Omar Arenas Candelo y Nilda Hernández ; traductores Luz de Njai, Mati Raitán. aCaracas :bImprenta Universitaria,c1968. a337 p. ;c24 cm.1 aPublicaciones de la Facultad de Derechov39 a"Proyecto de legislación: Ley de justicia y protección de menores": p. [285]-332. aIncluye bibliografía (p. [333]-337). 0aJuvenile delinquencyzVenezuela.929987 0aChild welfarezVenezuela.9299881 aChiossone, Tulio9299891 aRodríguez de Canetri, Ximena9299901 aArenas Candello, Omar9299911 aHernández, Nilda9299921 aNjai, Luz deetr.9299931 aRaitán, Matietr.929994 0aPublicaciones de la Facultad de Derecho ;v39929653 001052708MOaGRbGRcCTd2009-11-19iLF1l0onnn T775p13006-10r2020-06-25w2020-06-25y2ZPréstamo interno c12653d12653